Geometría de las pasiones : (Registro nro. 3071)

Detalles MARC
000 -CABECERA
campo de control de longitud fija 01113nam a22002537a 4500
003 - IDENTIFICADOR DEL NÚMERO DE CONTROL
campo de control AR-RoIUNI
005 - FECHA Y HORA DE LA ÚLTIMA TRANSACCIÓN
campo de control 20210317120825.0
007 - CAMPO FIJO DE DESCRIPCIÓN FÍSICA--INFORMACIÓN GENERAL
campo de control de longitud fija ta
008 - DATOS DE LONGITUD FIJA--INFORMACIÓN GENERAL
campo de control de longitud fija 160721s1995 mx |||||r|||| 00| 0 spa d
020 ## - NÚMERO INTERNACIONAL ESTÁNDAR DEL LIBRO
Número Internacional Estándar del Libro 9681645049
040 ## - FUENTE DE LA CATALOGACIÓN
Centro/agencia transcriptor AR-RoIUNI
080 ## - NÚMERO DE LA CLASIFICACIÓN DECIMAL UNIVERSAL
Número de la Clasificación Decimal Universal 32:1
100 1# - ENTRADA PRINCIPAL--NOMBRE DE PERSONA
Nombre de persona Bodei, Remo
Fechas asociadas al nombre 1938-‏
245 10 - MENCIÓN DE TÍTULO
Título Geometría de las pasiones :
Resto del título miedo, esperanza, felicidad : filosofía y uso político /
Mención de responsabilidad, etc. Remo Bodei.
250 ## - MENCIÓN DE EDICIÓN
Mención de edición 1a ed. en español.
260 ## - PUBLICACIÓN, DISTRIBUCIÓN, ETC. (PIE DE IMPRENTA)
Lugar de publicación, distribución, etc. México D. F. :
Nombre del editor, distribuidor, etc. Fondo de Cultura Económica,
Fecha de publicación, distribución, etc. c1995.
300 ## - DESCRIPCIÓN FÍSICA
Extensión 490 p. ;
Dimensiones 24 cm.
490 0# - MENCIÓN DE SERIE
Mención de serie Sección de Obras de Filosofía
505 1# - NOTA DE CONTENIDO CON FORMATO
Nota de contenido con formato Primera parte. Pasiones de expectación -- Segunda parte. La arqueología del querer -- Primera sección: coherencia y autocontrol -- Segunda sección: Descartes o del buen uso de las pasiones -- Tercera parte. gramática del amor -- Cuarta parte. La gran esperanza -- Primera sección . el terror y la virtud -- Segunda sección: el soberano invisible -- Tercera sección: el cielo en la tierra.
650 #4 - PUNTO DE ACCESO ADICIONAL DE MATERIA--TÉRMINO DE MATERIA
Término de materia o nombre geográfico como elemento inicial PSICOLOGÍA
9 (RLIN) 108
650 #4 - PUNTO DE ACCESO ADICIONAL DE MATERIA--TÉRMINO DE MATERIA
Término de materia o nombre geográfico como elemento inicial FILOSOFÍA
9 (RLIN) 77
650 #4 - PUNTO DE ACCESO ADICIONAL DE MATERIA--TÉRMINO DE MATERIA
Término de materia o nombre geográfico como elemento inicial PASIONES
942 ## - ELEMENTOS DE PUNTO DE ACCESO ADICIONAL (KOHA)
Fuente del sistema de clasificación o colocación Clasificación Decimal Universal
Tipo de ítem Koha Libros
Existencias
Estado de retiro Estado de pérdida Fuente del sistema de clasificación o colocación Estado dañado Excepción de préstamo Código de colección Localización permanente Ubicación/localización actual Ubicación en estantería Fecha de adquisición Fuente de adquisición Número de inventario Total de préstamos Signatura topográfica completa Código de barras Fecha visto por última vez Fecha del último préstamo Número de copia Precio válido a partir de Tipo de ítem Koha Nota pública
    Clasificación Decimal Universal     Psicología BIBLIOTECA RIOBAMBA BIBLIOTECA RIOBAMBA BIBLIOTECA RIOBAMBA 04/07/2016 Compra 3160 1 32:1 BOD 3160 04/08/2025 04/07/2025 1 21/07/2016 Libros Donación Pablo Zöpke